|
|
|
|
| LEADER |
00000nlm2a2200000 4500 |
| 001 |
646823 |
| 005 |
20231102025500.0 |
| 035 |
|
|
|a (RuTPU)RU\TPU\network\11960
|
| 090 |
|
|
|a 646823
|
| 100 |
|
|
|a 20160317a2016 k y0engy50 ba
|
| 101 |
0 |
|
|a eng
|
| 105 |
|
|
|a y z 100zy
|
| 135 |
|
|
|a drcn ---uucaa
|
| 181 |
|
0 |
|a i
|
| 182 |
|
0 |
|a b
|
| 200 |
0 |
|
|a Vol. 7 : Lifelong Wellbeing in the World (WELLSO 2015)
|e II International Scientific Symposium, 18-22 May 2015, Tomsk, Russian Federation
|e [proceedings]
|f National Research Tomsk Polytechnic University (TPU)
|
| 203 |
|
|
|a Text
|c electronic
|
| 210 |
|
|
|d 2016
|
| 300 |
|
|
|a Title screen
|
| 461 |
|
1 |
|0 (RuTPU)RU\TPU\network\11959
|t The European Proceedings of Social & Behavioural Sciences (EpSBS)
|v Vol. 7 : Lifelong Wellbeing in the World (WELLSO 2015)
|
| 606 |
1 |
|
|a Уровень жизни
|y Россия
|x Экономика
|2 stltpush
|3 (RuTPU)RU\TPU\subj\37180
|
| 606 |
1 |
|
|a Общественное развитие
|x Социология
|2 stltpush
|3 (RuTPU)RU\TPU\subj\37763
|9 58588
|
| 610 |
1 |
|
|a конференции
|
| 610 |
1 |
|
|a труды учёных ТПУ
|
| 610 |
1 |
|
|a электронный ресурс
|
| 686 |
|
|
|a У9(2)0-94л0
|2 rubbk
|
| 686 |
|
|
|a С550л0
|2 rubbk
|
| 712 |
0 |
2 |
|a National Research Tomsk Polytechnic University (TPU)
|2 stltpush
|3 (RuTPU)RU\TPU\col\18773
|
| 712 |
1 |
2 |
|a Lifelong Wellbeing in the World (WELLSO 2015)
|c Symposium
|e Tomsk
|f 2015
|
| 801 |
|
2 |
|a RU
|b 63413507
|c 20171018
|g RCR
|
| 856 |
4 |
|
|u http://www.futureacademy.org.uk/publication/EpSBS/2015-WELLSO
|
| 942 |
|
|
|c CF
|